Normal view
MARC view
- Dr Naeem Shahzad PhD
Entry Personal Name
001 - CONTROL NUMBER
- control field: 51245
003 - CONTROL NUMBER IDENTIFIER
- control field: NUST
005 - DATE AND TIME OF LATEST TRANSACTION
- control field: 20210314134933.0
008 - FIXED-LENGTH DATA ELEMENTS
- fixed length control field: 210314|| aca||aabn | a|a d
040 ## - CATALOGING SOURCE
- Original cataloging agency: NUST
- Transcribing agency: NUST
100 ## - HEADING--PERSONAL NAME
- Personal name: Dr Naeem Shahzad PhD
670 ## - SOURCE DATA FOUND
- Source citation: Work cat.: (NUST): Asad Mahmood 51243, Role of Unconditional Cash Transfer in Reducing Risk and Building Resilience of Communities in Pakistan an Analytical Study, 2017.
